The rise of British Guiana. Compiled from his despatches by C. A. Harris, C.B., C.M.G., Chief Clerk, Colonial Office and J. A. J. de Villiers, of the British Museum

Enregistré dans:
Détails bibliographiques
Auteur principal: Storm van's Gravesande, Lauren (Auteur)
Format: Livre
Langue:anglais
français
portugais
Publié: Londres Hakluyt Society 1911
Édition:1a. ed
Collection:Hakluyt Society, Second series 26, 27
Sujets:
Tags: Ajouter un tag
Pas de tags, Soyez le premier à ajouter un tag!

MARC

LEADER 00000nam a2200000 a 4500
001 UCJ5692
003 CL-VaPUC
008 070124e19110000UK |||||||||||||||||eng|d
041 0 7 |a eng  |2 CL-VaPUC 
041 0 7 |a fre  |2 CL-VaPUC 
041 0 7 |a por  |2 CL-VaPUC 
082 0 4 |a 910.4  |b STO  |2 21 
100 0 |a Storm van's Gravesande, Lauren  |e author  |9 511258 
245 1 4 |a The rise of British Guiana. Compiled from his despatches by C. A. Harris, C.B., C.M.G., Chief Clerk, Colonial Office and J. A. J. de Villiers, of the British Museum 
250 |a 1a. ed 
300 |a 2 v 
942 |c BK 
945 |d 20070124 00:00:00  |a rinostro 
260 |a Londres  |b Hakluyt Society  |c 1911 
500 |a Front., mapa de la Guyana Inglesa, en millas; p. 154, plano de la ciudad de Middleburg; resto de ilustraciones, conforme a lo señalado en índices 
600 0 7 |a HORSTMAN, NICOLAS  |2 CL-VaPUC  |9 511259 
600 0 7 |a COMPAÑIA DE LAS INDIAS OCCIDENTALES  |2 CL-VaPUC  |9 511260 
650 0 |a Viajes  |9 257115 
650 7 |a COLONIALISMO INGLES  |2 CL-VaPUC  |9 507148 
650 0 |a Historia  |9 255047 
650 0 |a Geografía  |9 259346 
650 0 |a Ciudades  |9 265474 
650 7 |a BIOGRAFIA  |2 CL-VaPUC  |9 504622 
650 0 |a Aborígenes  |9 329972 
650 7 |a DOCUMENTOS  |2 CL-VaPUC  |9 366450 
650 0 |a Correspondencia  |9 258963 
650 7 |a HOLANDESES  |2 CL-VaPUC  |9 504311 
650 7 |a PORTUGUESES  |2 CL-VaPUC  |9 446290 
650 0 |a Esclavos  |9 258558 
650 7 |a CUESTIONES LIMITROFES  |2 CL-VaPUC  |9 504171 
650 0 |a Cartografía   |9 266055 
650 0 |a Mapas  |9 260844 
650 0 |a Ilustraciones  |9 369481 
650 7 |a FACSIMILES  |2 CL-VaPUC  |9 460925 
651 7 |a GUYANA  |2 CL-VaPUC  |9 356017 
651 7 |a MIDDELBURG  |2 CL-VaPUC  |9 511261 
651 7 |a FLUSHING  |2 CL-VaPUC  |9 511262 
651 7 |a VEERE  |2 CL-VaPUC  |9 511263 
583 |a last modification  |c 20070124 00:00:00  |k Rodrigo Vera 
490 0 |a Hakluyt Society, Second series 26, 27 
999 |c 321801  |d 321799 
952 |0 0  |1 0  |4 0  |6 910_400000000000000_STO_1911  |7 0  |8 X  |9 400647  |a FDOBUD  |b FDOBUD  |d 2019-11-22  |h v.1  |i 1038222  |o 910.4 STO 1911  |p 1038222  |r 2019-11-22  |w 2019-11-22  |y BK_X  |k BUD 
952 |0 0  |1 0  |4 0  |6 910_400000000000000_STO_1911  |7 0  |8 X  |9 400648  |a FDOBUD  |b FDOBUD  |d 2019-11-22  |h v.2  |i 1038230  |o 910.4 STO 1911  |p 1038230  |r 2019-11-22  |w 2019-11-22  |y BK_X  |k BUD